[Event "EUR-chT Seniors 65"]
[Site "Mali Losinj"]
[Date "2019.09.23"]
[Round "6.4"]
[White "Thoele, Wolfgang"]
[Black "Pushkov, Nikolai"]
[Result "1/2-1/2"]
[WhiteElo "1865"]
[BlackElo "2261"]
[PlyCount "99"]
[EventDate "2019.09.18"]
[EventType "team-swiss"]
[EventRounds "9"]
[EventCountry "CRO"]
[SourceTitle "EXT 2020"]
[Source "ChessBase"]
[SourceDate "2019.10.17"]
[SourceVersion "1"]
[SourceVersionDate "2019.10.17"]
[SourceQuality "1"]
[WhiteTeam "Bielefeld Rochade 65"]
[BlackTeam "Russia 65"]
[WhiteTeamCountry "GER"]
[BlackTeamCountry "RUS"]

1. e4 e6 2. d4 d5 3. exd5 exd5 4. Nf3 Nf6 5. Bg5 Be7 6. Be2 Bf5 7. 0-0 0-0 8. Nbd2 Nbd7 9. Re1 Re8 10. Nf1 h6 11. Bxf6 Bxf6 12. Ne3 Be4 13. c3 c6 14. Bd3 g6 15. Bxe4 Rxe4 16. Nd2 Re8 17. Qc2 h5 18. Nef1 Qb6 19. Nf3 Nf8 20. Rxe8 Rxe8 21. Re1 Rd8 22. N1d2 Kg7 23. g3 Ne6 24. b4 a5 25. a3 axb4 26. axb4 Qa6 27. Ne5 Bxe5 28. Rxe5 Qa1+ 29. Kg2 Ra8 30. Nb3 Qa4 31. Re1 Qb5 32. Nc5 Nxc5 33. bxc5 Ra3 34. Qd2 Qa5 35. Rc1 b6 36. cxb6 Qxb6 37. Qe3 Qc7 38. Qe8 Qd6 39. Qe3 Qe6 40. Re1 Qf5 41. Qd2 Qf6 42. Re3 Ra1 43. Qb2 Ra7 44. Qb6 Ra2 45. Rf3 Qe6 46. Qb7 Re2 47. h4 Re1 48. Qc7 Re4 49. Rf4 Re1 50. Rf3 1/2-1/2

[Event "Prague op-A 18th"]
[Site "Prague"]
[Date "2019.01.15"]
[Round "6"]
[White "Pushkov, Nikolai"]
[Black "Riha, Vojtech"]
[Result "0-1"]
[WhiteElo "2309"]
[BlackElo "2145"]
[PlyCount "68"]
[EventDate "2019.01.11"]
[EventType "swiss"]
[EventRounds "9"]
[EventCountry "CZE"]
[SourceTitle "CBM 188 Extra"]
[Source "ChessBase"]
[SourceDate "2019.02.26"]
[SourceVersion "1"]
[SourceVersionDate "2019.02.26"]
[SourceQuality "1"]

1. Nf3 Nf6 2. c4 d6 3. g3 e5 4. Bg2 g6 5. Nc3 Bg7 6. d3 0-0 7. 0-0 Re8 8. Bg5 h6 9. Bxf6 Qxf6 10. Rb1 Nd7 11. b4 g5 12. Nd2 Nf8 13. Nd5 Qd8 14. b5 f5 15. a4 Rb8 16. a5 Ng6 17. b6 axb6 18. axb6 c6 19. Nc7 Rf8 20. e3 g4 21. Nb3 h5 22. f3 f4 23. exf4 exf4 24. fxg4 Bxg4 25. Bf3 fxg3 26. Bxg4 Rxf1+ 27. Qxf1 hxg4 28. hxg3 Qg5 29. Qe2 Ne5 30. d4 Rf8 31. dxe5 Rf3 32. Qe4 Rxg3+ 33. Kf1 Qh4 34. Nd4 Qh3+ 0-1

[Event "Prague op-A 18th"]
[Site "Prague"]
[Date "2019.01.14"]
[Round "5"]
[White "Ludvik, Tomas"]
[Black "Pushkov, Nikolai"]
[Result "1-0"]
[WhiteElo "2089"]
[BlackElo "2309"]
[PlyCount "109"]
[EventDate "2019.01.11"]
[EventType "swiss"]
[EventRounds "9"]
[EventCountry "CZE"]
[SourceTitle "CBM 188 Extra"]
[Source "ChessBase"]
[SourceDate "2019.02.26"]
[SourceVersion "1"]
[SourceVersionDate "2019.02.26"]
[SourceQuality "1"]

1. d4 d5 2. c4 e6 3. Nc3 Nf6 4. Bg5 Nbd7 5. e3 c6 6. Nf3 Qa5 7. Nd2 Bb4 8. Qc2 0-0 9. Be2 e5 10. 0-0 exd4 11. Nb3 Qd8 12. Nxd4 dxc4 13. Bxc4 Ne5 14. Be2 h6 15. Bh4 Ng6 16. Bg3 Qe7 17. Bc4 Ne5 18. Bb3 Bxc3 19. bxc3 Nh5 20. Rae1 c5 21. Nf5 Bxf5 22. Qxf5 Nxg3 23. hxg3 Rad8 24. Rd1 b6 25. f4 Nc6 26. e4 Qc7 27. e5 Ne7 28. Qe4 Rxd1 29. Rxd1 Rd8 30. Rxd8+ Qxd8 31. f5 c4 32. Qxc4 Qe8 33. e6 f6 34. Qc7 Kf8 35. Qxa7 b5 36. g4 h5 37. gxh5 Qxh5 38. Qb8+ Qe8 39. Qd6 Qc6 40. Qxc6 Nxc6 41. Kf2 Ke7 42. Ke3 Kd6 43. Ke4 Ne7 44. g4 Kc5 45. g5 fxg5 46. Bd1 Kd6 47. Be2 Kc5 48. Bd3 b4 49. cxb4+ Kxb4 50. Ke5 Kc3 51. Be4 Ng8 52. Kd6 Nf6 53. Bc6 g4 54. Kc5 g3 55. e7 1-0

[Event "Prague op-A 18th"]
[Site "Prague"]
[Date "2019.01.13"]
[Round "4"]
[White "Pushkov, Nikolai"]
[Black "Mis, Mieszko"]
[Result "1/2-1/2"]
[WhiteElo "2309"]
[BlackElo "2242"]
[PlyCount "66"]
[EventDate "2019.01.11"]
[EventType "swiss"]
[EventRounds "9"]
[EventCountry "CZE"]
[SourceTitle "CBM 188 Extra"]
[Source "ChessBase"]
[SourceDate "2019.02.26"]
[SourceVersion "1"]
[SourceVersionDate "2019.02.26"]
[SourceQuality "1"]

1. d4 Nf6 2. Nf3 g6 3. c4 Bg7 4. Nc3 d5 5. cxd5 Nxd5 6. Bd2 0-0 7. e4 Nxc3 8. Bxc3 c5 9. d5 Bxc3+ 10. bxc3 e6 11. Be2 exd5 12. exd5 Nd7 13. 0-0 Nf6 14. c4 Re8 15. Bd3 Bg4 16. h3 Bxf3 17. Qxf3 Qd6 18. Rfe1 Kg7 19. Bf1 b6 20. g3 h5 21. h4 Re5 22. Qc3 Rae8 23. Rxe5 Qxe5 24. Qxe5 Rxe5 25. a4 Re4 26. a5 Nd7 27. axb6 axb6 28. Rb1 Ne5 29. Rxb6 Nxc4 30. Bxc4 Rxc4 31. Rc6 Rc3 32. Kf1 c4 33. Ke2 Rd3 1/2-1/2

[Event "Wch Seniors 65 28th"]
[Site "Bled"]
[Date "2018.11.29"]
[Round "11"]
[White "Pushkov, Nikolai"]
[Black "Yakimenko, Alexander A"]
[Result "1/2-1/2"]
[WhiteElo "2324"]
[BlackElo "2125"]
[PlyCount "129"]
[EventDate "2018.11.18"]
[EventType "swiss"]
[EventRounds "11"]
[EventCountry "SLO"]
[SourceTitle "CBM 187 Extra"]
[Source "ChessBase"]
[SourceDate "2018.11.04"]
[SourceVersion "1"]
[SourceVersionDate "2018.11.04"]
[SourceQuality "1"]

1. d4 e6 2. c4 Nf6 3. Nf3 b6 4. g3 Ba6 5. Qa4 Be7 6. Bg2 Bb7 7. 0-0 0-0 8. Nc3 Ne4 9. Qc2 Nxc3 10. Qxc3 Be4 11. Bf4 d6 12. Rfd1 Nd7 13. Ne1 Bxg2 14. Nxg2 c6 15. e4 d5 16. exd5 cxd5 17. cxd5 exd5 18. Qb3 Nf6 19. Be5 Ng4 20. Nf4 Nxe5 21. dxe5 d4 22. Rd3 Bc5 23. Re1 Kh8 24. a3 a5 25. e6 Re8 26. Re2 fxe6 27. Rxe6 Qd7 28. h4 Rxe6 29. Qxe6 Qxe6 30. Nxe6 Re8 31. Nxc5 Re1+ 32. Kg2 bxc5 33. b4 axb4 34. axb4 cxb4 35. Rxd4 Kg8 36. Rxb4 Kf7 37. h5 h6 38. g4 Ra1 39. Kg3 Ra3+ 40. f3 Ra1 41. Kf4 Ra3 42. Ke4 Ra5 43. Rd4 Ke6 44. f4 Rb5 45. Ra4 Rc5 46. Ra6+ Kf7 47. Rd6 Kg8 48. Rd5 Rc1 49. Ke5 Re1+ 50. Kf5 Re2 51. Rd7 Ra2 52. Re7 Ra5+ 53. Re5 Ra1 54. Rb5 Re1 55. Rb6 Kh7 56. Rb7 Ra1 57. Re7 Kg8 58. g5 hxg5 59. fxg5 Kh7 60. Re5 Rf1+ 61. Ke6 Rh1 62. Kf7 Rf1+ 63. Ke7 Rh1 64. Kf7 Rf1+ 65. Ke7 1/2-1/2

[Event "Wch Seniors 65 28th"]
[Site "Bled"]
[Date "2018.11.22"]
[Round "5"]
[White "Pushkov, Nikolai"]
[Black "Nukin, Tolegen"]
[Result "1/2-1/2"]
[WhiteElo "2324"]
[BlackElo "2171"]
[PlyCount "72"]
[EventDate "2018.11.18"]
[EventType "swiss"]
[EventRounds "11"]
[EventCountry "SLO"]
[SourceTitle "CBM 187 Extra"]
[Source "ChessBase"]
[SourceDate "2018.11.04"]
[SourceVersion "1"]
[SourceVersionDate "2018.11.04"]
[SourceQuality "1"]

1. Nf3 Nf6 2. d4 d5 3. c4 e6 4. Nc3 Be7 5. Bg5 h6 6. Bh4 0-0 7. e3 b6 8. Bd3 dxc4 9. Bxc4 Bb7 10. 0-0 Nbd7 11. Qe2 a6 12. Rfd1 Nd5 13. Bxd5 exd5 14. Bg3 Nf6 15. Rac1 c5 16. dxc5 bxc5 17. Ne5 Qb6 18. Nd3 Rac8 19. a3 Rfe8 20. Na4 Qb5 21. Qc2 d4 22. Naxc5 Qc6 23. f3 dxe3 24. Qe2 Bxc5 25. Rxc5 Qa4 26. Rdc1 Rcd8 27. Be1 Qd4 28. Nb4 Nd5 29. Nxd5 Rxd5 30. Rxd5 Qxd5 31. Bc3 Qb5 32. Qxb5 axb5 33. Re1 Bd5 34. Bd4 e2 35. Kf2 Bc4 36. b3 Bxb3 1/2-1/2

[Event "WchT Seniors 65"]
[Site "Dresden"]
[Date "2018.07.07"]
[Round "1.1"]
[White "Pushkov, Nikolai"]
[Black "Andersson, Finn"]
[Result "1-0"]
[WhiteElo "2311"]
[BlackElo "1757"]
[PlyCount "41"]
[EventDate "2018.07.07"]
[EventType "team-swiss"]
[EventRounds "9"]
[EventCountry "GER"]
[SourceTitle "CBM 185 Extra"]
[Source "ChessBase"]
[SourceDate "2018.07.29"]
[SourceVersion "1"]
[SourceVersionDate "2018.07.29"]
[SourceQuality "1"]
[WhiteTeam "Russia"]
[BlackTeam "Denmark SK 2012"]
[WhiteTeamCountry "RUS"]
[BlackTeamCountry "DEN"]

1. Nf3 Nf6 2. c4 e6 3. d4 d5 4. Nc3 c5 5. cxd5 Nxd5 6. e3 Nxc3 7. bxc3 cxd4 8. exd4 Qc7 9. Bd2 Be7 10. Bd3 Nd7 11. 0-0 0-0 12. Re1 Nf6 13. Ne5 b6 14. Qf3 Bb7 15. Qh3 Rac8 16. Rac1 Qd8 17. Bg5 g6 18. Bh6 Nd5 19. c4 Nf6 20. Bxf8 Bxf8 21. Qe3 1-0

[Event "EU-chT Seniors 65"]
[Site "Walbrzych"]
[Date "2018.04.16"]
[Round "3.3"]
[White "Kierzek, Matthias"]
[Black "Pushkov, Nikolai"]
[Result "0-1"]
[WhiteElo "2272"]
[BlackElo "2304"]
[PlyCount "98"]
[EventDate "2018.04.14"]
[EventType "team-swiss"]
[EventRounds "9"]
[EventCountry "POL"]
[SourceTitle "CBM 184 Extra"]
[Source "ChessBase"]
[SourceDate "2018.06.28"]
[SourceVersion "1"]
[SourceVersionDate "2018.06.28"]
[SourceQuality "1"]
[WhiteTeam "Germany 65"]
[BlackTeam "Russia 65"]
[WhiteTeamCountry "GER"]
[BlackTeamCountry "RUS"]

1. d4 Nf6 2. c4 e6 3. Nf3 d5 4. Nc3 Nbd7 5. Bg5 c6 6. e3 Qa5 7. cxd5 Nxd5 8. Rc1 N7b6 9. Qd2 Nxc3 10. bxc3 Nd5 11. Bc4 b5 12. Bxd5 cxd5 13. 0-0 Ba3 14. Rc2 0-0 15. Ne1 Bd7 16. Nd3 Rfc8 17. Rb1 Be8 18. f3 f6 19. Bh4 Bg6 20. Re1 Rc4 21. e4 Rac8 22. Nf4 Bf7 23. exd5 exd5 24. Ne6 Qb6 25. Nc5 Bxc5 26. dxc5 Qxc5+ 27. Bf2 Qc7 28. Rb2 a6 29. Bd4 Ra4 30. Qf2 Qd6 31. Rbe2 b4 32. cxb4 Qxb4 33. Rd1 Qd6 34. Rb2 Rb4 35. Rdb1 Rxb2 36. Qxb2 h5 37. Qb7 Re8 38. Qb6 Qf4 39. Rd1 Qf5 40. Qxa6 Qc2 41. Rf1 Re2 42. Bf2 d4 43. Qa8+ Re8 44. Qa5 d3 45. Qc5 Qxa2 46. Qc3 Bg6 47. Ra1 Qd5 48. Be1 Re2 49. Bd2 Rxd2 0-1

[Event "South FR-ch"]
[Site "Maikop"]
[Date "2018.04.01"]
[Round "9"]
[White "Pushkov, Nikolai"]
[Black "Ivlev, Aleksey"]
[Result "1-0"]
[WhiteElo "2304"]
[BlackElo "2334"]
[PlyCount "125"]
[EventDate "2018.03.24"]
[EventType "swiss"]
[EventRounds "9"]
[EventCountry "RUS"]
[SourceTitle "EXT 2019"]
[Source "ChessBase"]
[SourceDate "2018.10.10"]
[SourceVersion "1"]
[SourceVersionDate "2018.10.10"]
[SourceQuality "1"]

1. Nf3 Nf6 2. c4 c6 3. d4 d5 4. e3 e6 5. Bd3 Nbd7 6. 0-0 Bd6 7. Nbd2 0-0 8. e4 dxe4 9. Nxe4 Nxe4 10. Bxe4 f5 11. Bc2 Qc7 12. Re1 Nf6 13. c5 Be7 14. Bb3 Nd5 15. Bg5 Bf6 16. Bxd5 cxd5 17. g3 Bd7 18. Bf4 Qa5 19. a3 Qb5 20. Qd2 a5 21. h4 h6 22. Re3 a4 23. Bd6 Rfc8 24. Rb1 b6 25. b4 Kh7 26. Rbe1 Rg8 27. Kg2 bxc5 28. dxc5 Qc4 29. Be5 Qg4 30. Qd4 Qg6 31. Qd3 Rac8 32. Rc1 Be7 33. Ree1 Qg4 34. Nd4 g5 35. c6 Be8 36. b5 gxh4 37. Nxe6 Bg5 38. f3 Qh5 39. Qxf5+ Bg6 40. Nxg5+ hxg5 41. Qd7+ Bf7 42. b6 Rcd8 43. Qg4 Qxg4 44. fxg4 d4 45. c7 Bd5+ 46. Kh3 Rdf8 47. Bxd4 hxg3 48. Rc5 Bb7 49. Re7+ Kg6 50. Re6+ Kf7 51. Rf6+ Ke7 52. Rxf8 Rxf8 53. Kxg3 Rf3+ 54. Kh2 Kd7 55. Rxg5 Rd3 56. Rg8 Rd2+ 57. Kg3 Rc2 58. Rd8+ Ke7 59. g5 Kf7 60. Kf4 Rc1 61. Ke5 Rc6 62. Kf5 Ba6 63. g6+ 1-0

[Event "South FR-ch"]
[Site "Maikop"]
[Date "2018.03.30"]
[Round "7"]
[White "Pushkov, Nikolai"]
[Black "Esipenko, Aleksandr"]
[Result "1/2-1/2"]
[WhiteElo "2304"]
[BlackElo "1939"]
[PlyCount "108"]
[EventDate "2018.03.24"]
[EventType "swiss"]
[EventRounds "9"]
[EventCountry "RUS"]
[SourceTitle "EXT 2019"]
[Source "ChessBase"]
[SourceDate "2018.10.10"]
[SourceVersion "1"]
[SourceVersionDate "2018.10.10"]
[SourceQuality "1"]

1. d4 d5 2. c4 e6 3. Nc3 Nf6 4. cxd5 exd5 5. Bg5 Be7 6. e3 0-0 7. Bd3 c6 8. Qc2 Nbd7 9. Nge2 Re8 10. 0-0 Nf8 11. Rae1 Ne4 12. Bxe7 Qxe7 13. f3 Nxc3 14. Nxc3 Qd6 15. Qf2 Be6 16. a3 b6 17. Rd1 Rad8 18. Bc2 b5 19. e4 dxe4 20. fxe4 b4 21. axb4 Bc4 22. e5 Qxb4 23. Bd3 Bb3 24. Rd2 Ng6 25. Bxg6 hxg6 26. Ne4 Re7 27. Nc5 Bc4 28. Re1 a5 29. h3 a4 30. Re3 Ree8 31. Rc3 Bd5 32. Nd3 Qb6 33. Nf4 Re7 34. h4 Red7 35. h5 g5 36. Ne2 Be6 37. Rdc2 Bg4 38. Rxc6 Qa7 39. Rd2 Bxe2 40. Qxe2 Rxd4 41. Qe3 Qd7 42. Rd6 Rxd2 43. Qxd2 Qa7+ 44. Kh2 Re8 45. Qxg5 Qe7 46. Qxe7 Rxe7 47. Rd5 Rb7 48. Ra5 Rxb2 49. Rxa4 Re2 50. Ra5 Kh7 51. Kg3 Kh6 52. Kf3 Re1 53. g4 g6 54. hxg6 Kxg6 1/2-1/2

[Event "South FR-ch"]
[Site "Maikop"]
[Date "2018.03.28"]
[Round "5"]
[White "Pushkov, Nikolai"]
[Black "Oganian, Miran"]
[Result "0-1"]
[WhiteElo "2304"]
[BlackElo "2412"]
[PlyCount "136"]
[EventDate "2018.03.24"]
[EventType "swiss"]
[EventRounds "9"]
[EventCountry "RUS"]
[SourceTitle "EXT 2019"]
[Source "ChessBase"]
[SourceDate "2018.10.10"]
[SourceVersion "1"]
[SourceVersionDate "2018.10.10"]
[SourceQuality "1"]

1. c4 Nf6 2. Nc3 e6 3. Nf3 Nc6 4. d4 Bb4 5. Bg5 Bxc3+ 6. bxc3 d6 7. e3 Qe7 8. Be2 h6 9. Bh4 g5 10. Bg3 e5 11. Nd2 h5 12. h4 g4 13. Qc2 Bd7 14. d5 Nd8 15. Bd3 b6 16. Bf5 Nb7 17. Bxd7+ Nxd7 18. e4 Ndc5 19. Nf1 Qd7 20. a4 f5 21. exf5 e4 22. Ne3 Nd3+ 23. Ke2 a5 24. Rhd1 Nbc5 25. Kf1 0-0-0 26. Kg1 Rde8 27. Rf1 Rhf8 28. Kh2 Kb7 29. Kg1 Ka7 30. Kh2 Re7 31. Kg1 Qe8 32. Rfd1 Rf6 33. Rf1 Nb7 34. Rfd1 Nd8 35. Rxd3 exd3 36. Qxd3 Re4 37. Kh2 Nb7 38. Ra2 Nc5 39. Qd1 Kb7 40. Ra1 Rf7 41. Qc2 Qd8 42. Rd1 Re8 43. Ra1 Ne4 44. Qd3 Qe7 45. Nc2 Nc5 46. Qd1 Rxf5 47. Nd4 Rff8 48. Qb1 Qd7 49. Nc6 Ka8 50. Ra2 Re4 51. Qb5 Qc8 52. Nd4 Qb7 53. Re2 Rxe2 54. Nxe2 Rc8 55. Nd4 Ne4 56. Qd7 c5 57. dxc6 Qxd7 58. cxd7 Rd8 59. f3 gxf3 60. gxf3 Nxc3 61. Nf5 Rxd7 62. Nxd6 Nxa4 63. Be5 Nc5 64. Kg3 Nd3 65. f4 Nxe5 66. fxe5 Rxd6 67. exd6 Kb7 68. Kf4 Kc6 0-1

[Event "Prague op 17th"]
[Site "Prague"]
[Date "2018.01.16"]
[Round "6"]
[White "Pushkov, Nikolai"]
[Black "Kiriakov, Petr"]
[Result "1/2-1/2"]
[WhiteElo "2298"]
[BlackElo "2528"]
[PlyCount "24"]
[EventDate "2018.01.12"]
[EventType "swiss"]
[EventRounds "9"]
[EventCountry "CZE"]
[SourceTitle "CBM 182 Extra"]
[Source "ChessBase"]
[SourceDate "2018.02.23"]
[SourceVersion "1"]
[SourceVersionDate "2018.02.23"]
[SourceQuality "1"]

1. c4 e6 2. Nc3 Bb4 3. Qc2 c5 4. Nf3 Nf6 5. a3 Ba5 6. e3 0-0 7. d4 b6 8. Be2 d5 9. 0-0 Bxc3 10. Qxc3 Ba6 11. dxc5 bxc5 12. b3 Nbd7 1/2-1/2

[Event "WchT Seniors 65"]
[Site "Hersonissos"]
[Date "2017.04.24"]
[Round "1.1"]
[White "Pushkov, Nikolai"]
[Black "Mai, Hartmut"]
[Result "1-0"]
[WhiteElo "2335"]
[BlackElo "1943"]
[PlyCount "105"]
[EventDate "2017.04.24"]
[EventType "team-swiss"]
[EventRounds "9"]
[EventCountry "GRE"]
[SourceTitle "CBM 178 Extra"]
[Source "ChessBase"]
[SourceDate "2017.06.22"]
[SourceVersion "1"]
[SourceVersionDate "2017.06.22"]
[SourceQuality "1"]
[WhiteTeam "Russia"]
[BlackTeam "Stiftung BSW/DBAG"]
[WhiteTeamCountry "RUS"]
[BlackTeamCountry "GER"]

1. Nf3 d5 2. d4 Nf6 3. c4 e6 4. Nc3 Be7 5. Bg5 c6 6. e3 Ne4 7. Bxe7 Qxe7 8. Qc2 Nxc3 9. Qxc3 Nd7 10. cxd5 exd5 11. Bd3 0-0 12. 0-0 Re8 13. b4 Nf8 14. b5 Bd7 15. bxc6 Bxc6 16. Ne5 Rec8 17. Nxc6 Rxc6 18. Qa5 Qd6 19. Rfc1 a6 20. Rxc6 Qxc6 21. Rb1 b5 22. a4 bxa4 23. Ra1 Ne6 24. Rxa4 Qc1+ 25. Bf1 Qc6 26. Ra3 g6 27. Qb4 Ng5 28. Rc3 Qd7 29. f3 a5 30. Qb5 Qxb5 31. Bxb5 Ne6 32. Ra3 Nc7 33. Bd3 Kf8 34. Kf2 Ke7 35. e4 f6 36. Ke3 Kd6 37. h4 Ke6 38. g4 Kd6 39. g5 fxg5 40. hxg5 Ne6 41. e5+ Ke7 42. f4 Ra7 43. Bb5 Nc7 44. Ba4 Na6 45. Rc3 Nb4 46. f5 gxf5 47. Kf4 Ke6 48. Rh3 Rg7 49. Rh6+ Ke7 50. Kxf5 Rf7+ 51. Rf6 Rg7 52. Re6+ Kf8 53. Re8+ 1-0